00361nam a2200145Ia 4500008004100000020001800041041000800059082001600067100001300083245005600096260002600152300000800178365001600186700001300202230718s9999 xx 000 0 und d a9780007294657 aeng a611.81bBUZ aBuzan T. aAge-Proof Your BrainbSharpen Your Memory In 7 Days c2007bHarper Thorsons a344 cRs.b295.00 aBuzan T.